Learning Resource and Development

Hotel front office management (Record no. 3737)

MARC details
000 -LEADER
fixed length control field 00753nam a22002417a 4500
005 - DATE AND TIME OF LATEST TRANSACTION
control field 20230512221859.0
008 - FIXED-LENGTH DATA ELEMENTS--GENERAL INFORMATION
fixed length control field 180427t xxu||||| |||| 00| 0 eng d
020 ## - INTERNATIONAL STANDARD BOOK NUMBER
International Standard Book Number 9789812533548
040 ## - CATALOGING SOURCE
Transcribing agency CSPC
082 0# - DEWEY DECIMAL CLASSIFICATION NUMBER
Classification number 647.94068
Item number B236h
100 ## - MAIN ENTRY--PERSONAL NAME
Personal name Bardi, James A.,
Relator term author.
245 00 - TITLE STATEMENT
Title Hotel front office management
Statement of responsibility, etc. James A. Bardi
250 ## - EDITION STATEMENT
Edition statement 5th
Remainder of edition statement edition
260 ## - PUBLICATION, DISTRIBUTION, ETC.
Place of publication, distribution, etc. New Jersey :
Name of publisher, distributor, etc. John Wiley & Sons,
Date of publication, distribution, etc. 2011.
300 ## - PHYSICAL DESCRIPTION
Extent vi, 492 pages :
Other physical details figures ;
Dimensions 23 cm.
500 ## - GENERAL NOTE
General note Includes Index.
650 10 - SUBJECT ADDED ENTRY--TOPICAL TERM
Topical term or geographic name entry element Hotel management.
700 1# - ADDED ENTRY--PERSONAL NAME
Personal name Bardi, James A.,
Relator term author.
940 ## - EQUIVALENCE OR CROSS-REFERENCE--UNIFORM TITLE [OBSOLETE] [CAN/MARC only]
Uniform title <a href="123">123</a>
942 ## - ADDED ENTRY ELEMENTS (KOHA)
Koha item type
-- CIR 647.94068 B236h 2011
Holdings
Withdrawn status Lost status Damaged status Not for loan Home library Current library Shelving location Date acquired Total Checkouts Full call number Barcode Date last seen Copy number Price effective from Koha item type
        Main Library Main Library Circulation Section 05/12/2023   CIR 647.94068 B236h 2011 016302 05/12/2023 1-5 05/12/2023 Books
        Main Library Main Library Circulation Section 05/12/2023   CIR 647.94068 B236h 2011 016303 05/12/2023 2-5 05/12/2023 Books
        Main Library Main Library Circulation Section 05/12/2023   CIR 647.94068 B236h 2011 016304 05/12/2023 3-5 05/12/2023 Books
        Main Library Main Library Circulation Section 05/12/2023   CIR 647.94068 B236h 2011 016305 05/12/2023 4-5 05/12/2023 Books
        Main Library Main Library Circulation Section 05/12/2023   CIR 647.94068 B236h 2011 016306 05/12/2023 5-5 05/12/2023 Books